Jalvanti/ (Record no. 21430)

000 -LEADER
fixed length control field 00307nam a22001331a 4500
082 ## - DEWEY DECIMAL CLASSIFICATION NUMBER
Classification number H3 PAR JAL
Item number
100 ## - MAIN ENTRY--AUTHOR NAME
Personal name Parmar Ranjan
245 ## - TITLE STATEMENT
Title Jalvanti/
Statement of responsibility, etc by Parmar Ranjan
260 ## - PUBLICATION, DISTRIBUTION, ETC. (IMPRINT)
Place of publication New Delhi:
Name of publisher Satsahitya,
Year of publication 1998.
300 ## - PHYSICAL DESCRIPTION
Number of Pages 103p.
650 ## - SUBJECT ADDED ENTRY--TOPICAL TERM
Topical Term Literature Hindi
650 ## - SUBJECT ADDED ENTRY--TOPICAL TERM
Topical Term Literature
942 ## - ADDED ENTRY ELEMENTS (KOHA)
Koha item type Book
Holdings
Withdrawn status Lost status Damaged status Not for loan Permanent Location Current Location Date acquired Cost, normal purchase price Full call number Accession Number Cost, replacement price Price effective from Koha item type
Write off     1 Sree Sankaracharya University of Sanskrit Sree Sankaracharya University of Sanskrit 08.01.2015 0.00 H3 PAR JAL 034098 0.00 08.01.2015 Book